| 000 | 01478nam a2200253Ia 4500 | ||
|---|---|---|---|
| 003 | OSt | ||
| 005 | 20220930094910.0 | ||
| 006 | a|||||r|||| 00| 0 | ||
| 007 | ta | ||
| 008 | 220926b |||||||| |||| 00| 0 hin d | ||
| 024 | _a32589 | ||
| 037 | _cTheses | ||
| 040 |
_aCRL _cCRL _bhin |
||
| 041 |
_2hin _ahin |
||
| 100 | _aसावित्री, ले. | ||
| 110 |
_aदिल्ली विश्वविद्यालय. शिक्षा संकाय. शिक्षा _9556652 |
||
| 245 | 0 |
_aभारतीय राजनीतिक संस्थाओं में जनप्रतिनिधि महिलाओं की सक्रियता के सन्दर्भ में उनकी शैक्षिक पृष्ठभूमि के प्रभाव का अध्ययन _b पंचायती राज संस्थाओं के विशेष सन्दर्भ में |
|
| 246 | _aBhāratīya rājanītik sansthāoan mean janapratinidhi mahilāoan kī sakriyatā ke sandarbha mean unakī shaikṣhik pṛuṣhṭhabhūmi ke prabhāv kā adhyayana: panchāyatī rāj sansthāoan ke visheṣh sandarbha mean | ||
| 260 | _c2014 | ||
| 300 |
_a327 _119पृ. _ap. _ccm. |
||
| 700 |
_aदिल्ली विश्वविद्यालय. शिक्षा संकाय. शिक्षा _9556653 |
||
| 942 |
_cDIS _2CC |
||
| 999 |
_c887896 _d887896 |
||